دور الوقف في المجتمعات الإسلامية / (رقم التسجيلة. 37311)

تفاصيل مارك
000 -الفاتح
عناصر البيانات ثابتة الطول 00662cam a2200193 i 4500
005 - تاريخ ووقت آخر معاملة
حقل ضبط 20251211114329.0
008 - عناصر البيانات ثابتة الطول
عناصر البيانات ثابتة الطول 250721s2000 le gr 000 0 ara d
020 ## - الترقيم الدولي المعياري للكتب (ردمك)
الترقيم الدولي المعياري للكتب (ردمك) 157547798X
082 14 - رقم تصنيف ديوي العشري
رقم التصنيف 216.393/أرن
رقم المادة ا ر ن
100 1# - مدخل رئيسي – اسم شخصي
الاسم الشخصي الأرناؤوط، محمد موفق
علاقة الشخص بالعمل/ دوره مؤلف.
245 10 - بيان العنوان
العنوان دور الوقف في المجتمعات الإسلامية /
بيان المسؤولية الدكتور محمد موفق الارنؤوط.
250 ## - بيان الطبعة
بيان الطبعة الطبعة الاولى.
264 31 - بيانات النشر، التوزيع…إلخ
مكان النشر، التوزيع...إلخ بيروت :
اسم الناشر، الموزع...إلخ دار الفكر،
تاريخ النشر، التوزيع...إلخ 2000.
300 ## - الوصف المادي
عدد الوحدات المكونة للوعاء 175صفحة.
650 17 - مدخل إضافي بالموضوع - مصطلح موضوعي
مصطلح موضوعي أو اسم جغرافي كعنصر مدخل الفقه الإسلامي.
650 17 - مدخل إضافي بالموضوع - مصطلح موضوعي
مصطلح موضوعي أو اسم جغرافي كعنصر مدخل الوقف.
942 ## - بيانات إضافية (كوها)
نوع التنصيف Dewey Decimal Classification
نوع المادة (كوها) كتب
المقتنيات
حالة السحب حالة الفقدان مصدر التصنيف حالة التلف غير قابل للإعارة المكتبة الرئيسية المكتبة الحالية موقع الرف تاريخ التزويد الرقم المتسلسل Total Checkouts رقم الإستدعاء الباركود تاريخ آخر ظهور تاريخ آخر استعارة تاريخ الفاتورة نوع المادة (كوها)
    Dewey Decimal Classification     المكتبة المركزية المكتبة المركزية الإعارة 06/07/2004 450615 1 216.393 / أ ر ن 450615 04/01/2026 21/12/2025 06/07/2004 كتب
    Dewey Decimal Classification     المكتبة المركزية المكتبة المركزية مقتنيات قسم التزويد 06/07/2004 450618   216.393/أرن 450618 28/07/2025   06/07/2004 كتب
    Dewey Decimal Classification     مكتبة الحسن العامة مكتبة الحسن العامة الإعارة 19/03/2019 450633   216.393/أرن PLD00447087 28/07/2025   19/03/2019 كتب
    Dewey Decimal Classification     مكتبة حمزة العامة مكتبة حمزة العامة الإعارة 27/01/2016 450634   216.393/أرن PLD00370247 28/07/2025   27/01/2016 كتب
Implemented & Customized by: BBB with SCIT (Smart Chains for Information Technology)

Powered by Koha